| 000 | 00790pam a2200265 a 4500 | ||
|---|---|---|---|
| 008 | |||
| 020 | _a1857151895 (hbk. ) | ||
| 049 | _aMAIN | ||
| 050 | 0 | 0 |
_aJC177.A3 _bPAI |
| 100 | 1 | _aPaine, Thomas. | |
| 245 | 1 | 0 |
_aRights of man : _bCommon sense / _cThomas Paine; with an introduction by Michael Foot. |
| 260 |
_aLondon : _bDavid Campbell, _c1994. |
||
| 300 |
_alii, 306 p. ; _c20 cm. |
||
| 440 | 4 | _aEvery man's library. | |
| 500 | _aIncludes index. | ||
| 504 | _aIncludes bibliographical references. | ||
| 650 | 0 |
_aPolitical science _xEarly works to 1800. |
|
| 700 | 1 | _aFoot, Michael. | |
| 740 | 0 | 2 | _aCommon sense. |
| 907 |
_a.b10235425 _b23-02-09 _c05-03-07 |
||
| 003 | |||
| 005 | 20230123134412.0 | ||
| 040 | _cNUST | ||
| 942 | _cBOOKS | ||
| 999 |
_c165306 _d165306 |
||